000 00276nam a22001217a 4500
008 190204b xxu||||| |||| 00| 0 eng d
041 _aeng
080 _a371
100 _a25
101 _aEDU
245 _aIntroductory Readings on Language
_cAnderson, W.L
942 _2udc
_cBK
999 _c53937
_d53937